Normal view MARC view

Entry Nombre personal

Number of records used in: 47

001 - NÚMERO DE CONTROL

  • campo de control: 117914

003 - IDENTIFICADOR DE NÚMERO DE CONTROL

  • campo de control: SpMaBN

005 - FECHA Y HORA DE LA ÚLTIMA TRANSACCIÓN

  • campo de control: 20240410214731.0

008 - ELEMENTOS DE DATO DE LONGITUD-FIJA

  • campo de control de longitud fija: 901120nn aijnnaabn a aaa

016 ## - NÚMERO DE CONTROL DE UNA AGENCIA BIBLIOGRÁFICA NACIONAL

  • Número de control del registro: BNE19900165316

024 7# - IDENTIFICADOR DE OTROS ESTÁNDARES

  • Número estándar o código: http://viaf.org/viaf/100237745/
  • Fuente: viaf

024 8# - IDENTIFICADOR DE OTROS ESTÁNDARES

  • Número estándar o código: https://data.cervantesvirtual.com/person/2630

024 7# - IDENTIFICADOR DE OTROS ESTÁNDARES

  • Número estándar o código: https://isni.org/isni/0000000109286920
  • Fuente: isni

024 7# - IDENTIFICADOR DE OTROS ESTÁNDARES

  • Número estándar o código: http://www.wikidata.org/entity/Q235134
  • Fuente: wikidata

040 ## - FUENTE DE CATALOGACIÓN

  • Centro catalogador/agencia de origen: SpMaBN
  • Lengua de catalogación: spa
  • Centro/agencia transcriptor: SpMaBN
  • Normas de descripción: rdc
  • Convención/Normas de encabezamiento de materia/tesauro: embne

046 ## - FECHAS CON CODIFICACIÓN ESPECIAL

  • Fecha de nacimiento: 1904
  • Fecha de la muerte: 1991

100 1# - ENCABEZAMIENTO-NOMBRE DE PERSONA

  • Nombre de persona: Zambrano, María,
  • Fechas asociadas al nombre: 1904-1991

368 ## - OTROS ATRIBUTOS DE PERSONA O ENTIDAD CORPORATIVA

  • Otra designación: Premio Cervantes
  • Período de inicio: (1988)

370 ## - LUGAR ASOCIADO

  • Lugar de nacimiento: España, Andalucía, Málaga (Provincia), Vélez-Málaga

370 ## - LUGAR ASOCIADO

  • Lugar de fallecimiento: España, Madrid (Comunidad Autónoma), Madrid

372 ## - CAMPO DE ACTIVIDAD

  • Campo de actividad: Ensayos
  • Fuente del término: tgfbne

372 ## - CAMPO DE ACTIVIDAD

  • Campo de actividad: Filosofía
  • Fuente del término: embne

373 ## - GRUPO ASOCIADO

  • Grupo asociado: Ateneo de Madrid
  • Período de inicio: 1931
  • Fuente de información: Cargos históricos del Ateneo de Madrid 1835-1936 (Archivo del Ateneo); Ateneístas ilustres II (2007)

374 ## - OCUPACIÓN

  • Ocupación: Filósofos
  • Ocupación: Escritores
  • Ocupación: Profesores
  • Fuente del término: embne

375 ## - GÉNERO/SEXO

  • Género: Femenino

377 ## - IDIOMA ASOCIADO

  • Código del idioma: spa
  • Término de lengua/lenguaje: Español

400 1# - TRAZADO DE VÉASE--NOMBRE DE PERSONA

  • Nombre de persona: Zambrano de Rodríguez, María,
  • Fechas asociadas al nombre: 1904-1991

400 1# - TRAZADO DE VÉASE--NOMBRE DE PERSONA

  • Nombre de persona: Sambrano, Marija,
  • Fechas asociadas al nombre: 1904-1991

670 ## - FUENTE DE DATOS ENCONTRADOS

  • Cita de la fuente: Andalucía..., 1984

670 ## - FUENTE DE DATOS ENCONTRADOS

  • Cita de la fuente: La razón en la sombra: antología, 1993
  • Información encontrada: port. (María Zambrano) p. 607... (María Zambrano Alarcón; n. el 22 de abril de 1904 en Vélez-Málaga; m. 6 de feb. de 1991)

670 ## - FUENTE DE DATOS ENCONTRADOS

  • Cita de la fuente: Dic. enc. Espasa
  • Información encontrada: (Zambrano de Rodríguez (María) escritora n. en Vélez-Málaga y m. en Madrid (1907-1991))

670 ## - FUENTE DE DATOS ENCONTRADOS

  • Cita de la fuente: Dic. de literatura española e hispanoamericana, 1993
  • Información encontrada: (Zambrano, María; Vélez-Málaga, 1904-Madrid, 1991)

670 ## - FUENTE DE DATOS ENCONTRADOS

  • Cita de la fuente: Palabras de caminante : bibliografía de y sobre María Zambrano, 2000
  • Información encontrada: apéndice, acta de nacimiento (nombre: María Francisca, en la ciudad de Vélez Málaga, n. el día 21-4-1904)

670 ## - FUENTE DE DATOS ENCONTRADOS

  • Cita de la fuente: Vizija i iskustvo, 2011
  • Información encontrada: port. (Marija Sambrano)

670 ## - FUENTE DE DATOS ENCONTRADOS

  • Cita de la fuente: WWW BN España aut., 28/06/2023
  • Información encontrada: (Zambrano, María, 1904-1991)

678 ## - DATOS BIOGRÁFICOS O HISTÓRICOS

  • Datos biográficos o históricos: Socia del Ateneo de Madrid n. 15979; ingresó el 6/4/1931. Secretaria primera de la Sección de Filosofía en 1931-34
  • Ampliación de la nota: Fuentes: Cargos históricos del Ateneo de Madrid 1835-1936 (Archivo del Ateneo); Ateneístas ilustres II (2007)

856 4# - LOCALIZACIÓN Y ACCESO ELECTRÓNICOS

  • Identificador Uniforme de Recursos: http://es.wikipedia.org/wiki/María_Zambrano

856 4# - LOCALIZACIÓN Y ACCESO ELECTRÓNICOS

  • Identificador Uniforme de Recursos: http://dialnet.unirioja.es/servlet/autor?codigo=21354

856 4# - LOCALIZACIÓN Y ACCESO ELECTRÓNICOS

  • Identificador Uniforme de Recursos: https://escritores.bne.es/web/authors/maria-zambrano-1904-1991 /
  • Texto de enlace: Escritores en la BNE